| 000 | 00702nam a22001337a 4500 | ||
|---|---|---|---|
| 040 | _cRUA | ||
| 082 | _aAGR YEU 2011 B047 Or.1 | ||
| 100 | _aYEUN, VUTHA. | ||
| 245 | _aEffect of rice establishment methods on senpidou rice growth and yields under dry season (ឥទ្ធិពលនៃវិធីសាស្រ្តដាំដុះទៅលើការលូតលាស់និងទន្និផលស្រូវសែនពិដោរក្នុងលក្ខខណ្ឌរដូវប្រាំង) | ||
| 260 |
_aPhnom Penh _bRUA _c2011 |
||
| 300 |
_axi, 57p. _bill. _c29cm. |
||
| 856 | _uhttps://drive.google.com/file/d/1Xc5-d4uoEMpvRhjolNYgRpkRJYsFU2hy/view?usp=sharing | ||
| 942 | _cAGR | ||
| 999 |
_c1453 _d1453 |
||